| 000 | 01289na a2200337 4500 | ||
|---|---|---|---|
| 001 | 16979 | ||
| 003 | MIRAKIL | ||
| 005 | 20181213155158.0 | ||
| 008 | 161019b tu 000 0 | ||
| 035 | _a16979 | ||
| 040 |
_aMilas _btur _cTR-AnCHP |
||
| 041 | _atur | ||
| 082 |
_aCHP 324.2172 _bC36 [t.y.] |
||
| 090 | _aCHP 324.2172 C36 [t.y.] | ||
| 100 | _aTuran, Şerafettin | ||
| 245 |
_aCHP Hükümeti üzerine _bAylık seçme yazılar II _cTüm İktisatçılar Birliği |
||
| 246 | _aAylık seçme yazılar | ||
| 260 |
_aAnkara _bTüm İktisatçılar Birliği (TİB) _c[t.y.] |
||
| 300 |
_a271 s. _c19 sm. |
||
| 490 |
_aTüm İktisatçılar Birliği (TİB) yayınları _v23 |
||
| 505 | _aCHP hükümeti kurulurken - CHP hükümetinin ilk üç ayındaki ekonomik gelişmeler üzerine - Kapitalist işletmelerde yönetim yöneticiler ve işçi sınıfı - Dördüncü plan stratejisi ve Ecevit hükümeti üzerine | ||
| 610 |
_aCumhuriyet Halk Partisi (CHP) _xSiyaset ve yönetim _yEleştiriler |
||
| 610 |
_aCHP _xHükümet politikaları _yEleştiriler |
||
| 650 |
_aHükümet eleştirisi _zTürkiye |
||
| 651 |
_aTürkiye _xSiyasal durum _y1960-1970 |
||
| 657 | _aCHP ilkeleri | ||
| 657 | _aCHP hükümeti | ||
| 657 | _aCHP eleştirisi | ||
| 700 | _a | ||
| 942 |
_2ddc _cBKS |
||
| 999 |
_c8068 _d8068 |
||